Statistics for Countries That No Longer Exist

Click here to take the quiz!

General Stats

  • This quiz has been taken 8 times
  • The average score is 4 of 51

Answer Stats

HintAnswer% Correct
Central EuropeCzechoslovakia
67%
Horn of AfricaAbyssinia
33%
Central EuropeAustria-Hungary
33%
IberiaCatalonia
33%
Middle EastOttoman Empire
33%
Middle EastPersia
33%
The BalkansYugoslavia
33%
IndochinaBurma
17%
Mediterranean SeaCorsica
17%
Central EuropeEast Germany
17%
East-Central EuropePrussia
17%
Southern AfricaSouthwest Africa
17%
North AmericaTexas
17%
North AmericaBaja California
0%
Southern AfricaBasutoland
0%
Indian PeninsulaBengal
0%
British IslesCayman
0%
Indian OceanCeylon
0%
IndochinaChampa
0%
West AfricaDahomey
0%
Indian PeninsulaEast Pakistan
0%
British IslesEngland
0%
South AmericaGran Colombia
0%
Pacific OceanHawai'i
0%
East EuropeKievan Rus'
0%
Southern AfricaMahore
0%
North-East AsiaManchuria
0%
North AmericaNewfoundland
0%
South AmericaNew Grenada
0%
IndochinaNorth Vietnam
0%
Middle EastNorth Yemen
0%
BalticPolish-Lithuanian Commonwealth
0%
Southern AfricaRhodesia
0%
British IslesScotland
0%
IndochinaSiam
0%
Indian PeninsulaSikkim
0%
IndochinaSouth Vietnam
0%
East AfricaTanganyika
0%
Middle AsiaTibet
0%
Middle EastTransjordan
0%
South-East EuropeTransylvania
0%
North AsiaUnion of Soviet Socialist Republic
0%
Middle EastUnited Arab Republic
0%
North AmericaVermont
0%
British IslesWales
0%
North-West AfricaWestern Sahara
0%
Pacific OceanWestern Samoa
0%
North AmericaWest Florida
0%
Central EuropeWest Germany
0%
Central AfricaZaire
0%
East AfricaZanzibar
0%

Score Distribution

Percentile by Number Answered

Percent of People with Each Score

Your Score History

You have not taken this quiz